000 00384nam a22001571a 4500
020 _a9788170812630
082 _a294.592 1
_bGAN/V
245 _aVishnu samhita/
_cby Ganapathi Sastri M M (ed.)
260 _aDelhi:
_bNag,
_c1991.
300 _a105p.
650 _aVedic Literature
650 _aHinduism
650 _aReligion
700 _aGanapathi Sastri M M (ed.)
942 _cBK
999 _c50141
_d50141